Návrh systému personálneho marketingu v podniku : Diplomová práca

Saved in:
Bibliographic Details
Main Author: Pauer, Tomáš (Author)
Other Authors: Jacinto Assuncao, Domingos (xxx)
Format: Manuscript Book
Language:Slovak
Published: Trnava : STU v Bratislave MtF KPIM, 2004
Subjects:
Tags: Add Tag
No Tags, Be the first to tag this record!

MARC

LEADER 00000ntm a22000003a 4500
001 stu89407
005 20160719154621.5
008 040730s2004----xo------------------slo-d
040 |a STU  |b slo 
041 0 |a slo 
044 |a xo 
100 1 |a Pauer, Tomáš  |4 aut 
245 1 |a Návrh systému personálneho marketingu v podniku :  |b Diplomová práca 
260 |a Trnava :  |b STU v Bratislave MtF KPIM,  |c 2004 
300 |a 67 s  |c príl., CD 
650 7 |a priemyselné inžinierstvo a manažment  |2 stusub 
650 7 |a personalistika  |2 stusub 
700 1 |a Jacinto Assuncao, Domingos  |4 xxx  |u M4000  |U MTF Materiálovotechnologická fakulta  |T MTF Ústav priemyselného inžinierstva a manažmentu  |X 3648  |U M4000  |Y 84  |7 A000003648 
996 |b 284M060059  |c M*DP-5303  |l MMSKP  |s P  |a 0  |w stu89407_0001